Espacio, tiempo, materia
Bewaard in:
| Hoofdauteur: | |
|---|---|
| Formaat: | Boek |
| Taal: | Spaans |
| Gepubliceerd in: |
Madrid
Alianza
1996
|
| Onderwerpen: | |
| Tags: |
Voeg label toe
Geen labels, Wees de eerste die dit record labelt!
|
MARC
| LEADER | 00000nam a2200000 a 4500 | ||
|---|---|---|---|
| 001 | UCQ2637 | ||
| 003 | CL-VaPUC | ||
| 008 | 980724e19960000SP |||||||||||||||||spa|d | ||
| 082 | 0 | 4 | |a 128 |b ZUB |2 21 |
| 100 | 0 | |a Zubiri, Xavier |e author |9 216 | |
| 245 | 1 | 0 | |a Espacio, tiempo, materia |
| 300 | |a 714 p | ||
| 942 | |c BK | ||
| 945 | |d 19980724 00:00:00 |a mvenant | ||
| 260 | |a Madrid |b Alianza |c 1996 | ||
| 650 | 0 | |a Teología cristiana |9 308336 | |
| 650 | 0 | |a Metafísica |9 265649 | |
| 650 | 0 | |a Filosofía de la religión |9 256017 | |
| 583 | |a last modification |c 20170530 05:28:58 |k Rodrigo Vera | ||
| 999 | |c 273431 |d 273429 | ||
| 952 | |0 0 |1 0 |2 ddc |4 0 |6 128_000000000000000_ZUB_1996 |7 0 |8 P |9 308978 |a BIBARQ |b BIBARQ |d 2019-11-20 |i 3483789 |o 128 ZUB 1996 |p 3483789 |r 2025-01-20 |w 2019-11-20 |y BK |k ARQ | ||
| 952 | |0 0 |1 0 |2 ddc |4 0 |6 128_000000000000000_ZUB_1996 |7 0 |8 P |9 308979 |a BIBARQ |b BIBARQ |d 2019-11-20 |i 3645029 |o 128 ZUB 1996 |p 3645029 |r 2025-01-20 |w 2019-11-20 |y BK |k ARQ | ||